000 01809cas a2200601 i 4500
999 _c23992
_d23992
001 vtls004145832
003 NUKAT
005 20191007113013.0
008 171017c20189999pl mr p| | |000 |0pol c
022 _a2544-4875
035 _axx004145832
039 9 _a201805101013
_bark
_c201803251731
_dkopumk
_c201803191204
_dkopbpkr
_c201803051229
_dkoppgd
040 _aWA M/AR
_cWA M/AR
_dWA M/AR
_dKR U/SA
_bWA 310
222 0 _aEnergia i Recykling
245 0 0 _aEnergia i Recykling :
_bgospodarka obiegu zamkniętego : [miesięcznik ogólnopolski] /
_cred. nacz. Piotr Talaga.
246 3 _aEnergia Recykling
260 _aPoznań :
_bAbrys,
_c2018-.
300 _a30 cm.
310 _aMies.
336 _2rdacontent
_aTekst
_btxt
337 _2rdamedia
_aBez urządzenia pośredniczącego
_bn
338 _2rdacarrier
_aWolumin
_bnc
362 0 _a2018, numer 1 = 1-.
500 _aTyt.wg okł.
515 _aNumer sygnalny oznaczony jako wrzesień 2017.
580 _aPowstał z połączenia czasopism: Czysta Energia i Recykling.
951 _aKIEL_010
700 1 _aTalaga, Piotr
_d(1967- ).
_eRed.
710 2 _aABRYS (Poznań).
_4pbl
780 0 0 _tCzysta Energia
_g2001-2017
_x1643-126X
_wzz2002965067
780 0 0 _tRecykling
_g2001-2017
_x1731-9927
_wzz2002965069
982 _aBYDG_22
942 _2ddc
_cCR
960 _aGD_U
967 _aLUBL_U
980 _aSZCZ_ZUT